Behind the Scenes : (Record no. 91944)
[ view plain ]
| 000 -LEADER | |
|---|---|
| fixed length control field | 01788nam a2200229Ii 4500 |
| 008 - FIXED-LENGTH DATA ELEMENTS--GENERAL INFORMATION | |
| fixed length control field | 221202s xx 000 0 und d |
| 100 1# - MAIN ENTRY--PERSONAL NAME | |
| Personal name | Llewellyn-Smith, Michael, |
| Relator term | author |
| 245 #0 - TITLE STATEMENT | |
| Title | Behind the Scenes : |
| Remainder of title | The politics of planning Adelaide |
| 264 ## - PRODUCTION, PUBLICATION, DISTRIBUTION, MANUFACTURE, AND COPYRIGHT NOTICE | |
| Name of producer, publisher, distributor, manufacturer | University of Adelaide Press |
| Date of production, publication, distribution, manufacture, or copyright notice | 2012 |
| 300 ## - PHYSICAL DESCRIPTION | |
| Extent | 1 online resource (400 pages) |
| 336 ## - CONTENT TYPE | |
| Content type term | text |
| Content type code | txt |
| Source | rdacontent |
| 337 ## - MEDIA TYPE | |
| Media type term | computer |
| Media type code | c |
| Source | rdamedia |
| 338 ## - CARRIER TYPE | |
| Carrier type term | online resource |
| Carrier type code | cr |
| Source | rdacarrier |
| 520 ## - SUMMARY, ETC. | |
| Summary, etc. | Behind the Scenes examines planning in the City of Adelaide from 1972 until 1993 within the historical framework of City/State relations from 1836 when the Province of South Australia was founded. During this 21-year period, the City had its own planning and development control legislation separate from the rest of the State. Dr Llewellyn-Smith examines why this situation came about, why it continued for this particular period and why it ceased in 1993 when the separate legislation was repealed and the City became part of the State system under the new Development Act 1993. Behind the Scenes includes original interviews with many of the key individuals in the City and State who played influential roles during this period. Dr Llewellyn-Smith himself was the City Planner from 1974 until 1981 and then the Town Clerk/Chief Executive Officer of the Adelaide City Council from 1982 until 1993: this book, then, is both a work of scholarship and an insider's account. |
| 653 ## - INDEX TERM--UNCONTROLLED | |
| Uncontrolled term | City Development |
| 653 ## - INDEX TERM--UNCONTROLLED | |
| Uncontrolled term | City Planning |
| 653 ## - INDEX TERM--UNCONTROLLED | |
| Uncontrolled term | History |
| 653 ## - INDEX TERM--UNCONTROLLED | |
| Uncontrolled term | Politics |
| 653 ## - INDEX TERM--UNCONTROLLED | |
| Uncontrolled term | Sydney City Council |
| 856 ## - ELECTRONIC LOCATION AND ACCESS | |
| Uniform Resource Identifier | <a href="https://docs.google.com/spreadsheets/d/1yKIrdCPDAG_9c22mwoOIO2DOhtj65Wqa/edit?usp=sharing&ouid=106555315294820607512&rtpof=true&sd=true ">https://docs.google.com/spreadsheets/d/1yKIrdCPDAG_9c22mwoOIO2DOhtj65Wqa/edit?usp=sharing&ouid=106555315294820607512&rtpof=true&sd=true </a> |
| Link text | List of Curated E-Books |
| 942 ## - ADDED ENTRY ELEMENTS (KOHA) | |
| Koha item type | E-Book |
No items available.